00661nam a22001937a 4500003000400000005001700004008004100021020001800062040000900080082001800089100006900107245002400176250000700200260002500207300001700232500001800249630001800267650018200285OSt20230201111116.0220719b |||||||| |||| 00| 0 eng d a9789353065591 cSBCL a616.89bHOO-A aHooley, Jill MaButcher, James NaNock, Matthew KaMineka, Susan aAbnormal psychology a17 aNoidabPearsonc2022 a883p.aIndex aPd. A/c. Fund xGENERAL STACK 2Abnormal psychology2Mental disordersaPsychologyaDiseasesaMedicine and healthvDiseases of nervous system and mental disordersxMental disordersxTechnology- Applied sciences